000 00395nam a22001577a 4500
003 OSt
008 231102b |||||||| |||| 00| 0 eng d
041 _aeng
082 _a894.8121
_bSRI / S
100 _aSreenarayana Gurudevan
_95561
245 _aSreenarayana Dharmam
260 _bShivagiri Madam
_c1957
300 _a166pages.
700 _aSwami Sreenarayana Theerthwar
_95562
942 _cBK
999 _c17770
_d17770